Eseyen vegn literatur (Record no. 31923)

MARC details
000 -LEADER
fixed length control field 00596cam a22002171 4500
001 - CONTROL NUMBER
control field he 66001534
003 - CONTROL NUMBER IDENTIFIER
control field DLC
005 - DATE AND TIME OF LATEST TRANSACTION
control field 20260227111441.0
008 - FIXED-LENGTH DATA ELEMENTS--GENERAL INFORMATION
fixed length control field 810514s1958 nyuac 000 0 yid
010 ## - LIBRARY OF CONGRESS CONTROL NUMBER
LC control number he 66001534
035 ## - SYSTEM CONTROL NUMBER
System control number (OCoLC)7420762
040 ## - CATALOGING SOURCE
Original cataloging agency DLC
Transcribing agency OCl
Modifying agency TxU
-- DLC
042 ## - AUTHENTICATION CODE
Authentication code premarc
050 00 - LIBRARY OF CONGRESS CALL NUMBER
Classification number PN519.H4
Item number S6
100 1# - MAIN ENTRY--PERSONAL NAME
Personal name Sorgen, Morris,
Dates associated with a name 1898-
245 10 - TITLE STATEMENT
Title Eseyen vegn literatur
Statement of responsibility, etc. [fun] Mosheh Vityes.
260 ## - PUBLICATION, DISTRIBUTION, ETC.
Place of publication, distribution, etc. Nyu-York,
Name of publisher, distributor, etc. Feder,
Date of publication, distribution, etc. 718, 1958.
300 ## - PHYSICAL DESCRIPTION
Extent 277 p.
Other physical details illus., port.
Dimensions 24 cm.
500 ## - GENERAL NOTE
General note Added t. p.: Essays on literature.
650 #0 - SUBJECT ADDED ENTRY--TOPICAL TERM
Topical term or geographic name entry element Literature.

No items available.

Powered by Koha